U.S. State Capitals Closest to Kansas City - Statistics

General Stats
  • This quiz has been taken 153 times
  • The average score is 9 of 10
Answer Stats
Distance Answer % Correct
58.6 Topeka
95%
295.2 Oklahoma City
94%
181 Des Moines
92%
134.4 Jefferson City
92%
163.6 Lincoln
92%
325.2 Little Rock
90%
267.7 Springfield
85%
451.9 Indianapolis
80%
412.9 St. Paul
78%
386.6 Madison
74%
No matching quizzes found
Score Distribution
Percent of People with Each Score
Percentile by Number Answered
Your Score History
You have not taken this quiz